| 000 | 00585nam a2200205 a 4500 | ||
|---|---|---|---|
| 001 | 3595 | ||
| 005 | 20140414132024.0 | ||
| 008 | 040603s19uu xx 00 eng d | ||
| 020 | _a0-688-10994-2 | ||
| 050 |
_aTR _bH29 1984 |
||
| 100 | _aTafuri, Nancy | ||
| 245 |
_aHave you seen my duckling / _cby Nancy Tafuri. |
||
| 260 |
_aNew York : _bMulberry Books, _c1984. |
||
| 300 | _a1 v. (unp.) : ill. ; cm. | ||
| 520 | _aHave you seen my duckling? asks mother duck. | ||
| 650 |
_aLost children _xFiction. |
||
| 650 |
_aDuck _xFiction. |
||
| 650 |
_aPonds _xFiction. |
||
| 999 |
_c113529 _d113529 |
||